000 00591nam a2200193Ia 4500
003 IN-BaIIA
008 211028s9999 xx 000 0 eng d
040 _cIIA Library
080 _a514.742
_bBOO
100 _aBooker, H. G.
_95160
245 2 _aA vector approach to oscillations
_cH. G. Booker
260 _aNew York
_bAcademic Press
_c1965
300 _ax, 149p.
490 _aAcademic paperbacks series
650 _aAstronomy and Astrophysics Thesaurus
650 _aOscillations
_92762
650 _aVector algebra
_95161
942 _cBK
999 _c2889
_d2889